Spell the Marvel Character #178 - Statistics

General Stats
  • This quiz has been taken 16 times
  • The average score is 5 of 6
Answer Stats
Picture Answer % Correct
Invisible Woman
100%
Iron Fist
100%
Emma Frost
91%
Pixie
82%
X-23
82%
Phantom Rider
64%
No matching quizzes found
Score Distribution
Percent of People with Each Score
Percentile by Number Answered
Your Score History
You have not taken this quiz